00343pab a2200121 454500008004000000100003000040245006100070260000900131300001300140362000800153650001500161773004500176180718b2006 xxu||||| |||| 00| 0 eng d aSrivastava, Avinash Kumar aCoping strategy for role stress across management levels c2006 ap.65-73. aJul aManagement aICFAI Journal of Organizational Behavior